MAASAI MARA UNIVERSITY

LIBRARY CATALOGUE

Contact Us: +254 020 2685356/7 or 0774 057787

Box: 861-20500, NAROK, KENYA

Email: info@mmarau.ac.ke

_Markting for Hospitality and Tourism (5th ed) (Record no. 6211)

MARC details
000 -LEADER
fixed length control field 00430nam a2200145Ia 4500
008 - FIXED-LENGTH DATA ELEMENTS--GENERAL INFORMATION
fixed length control field 151021s9999 xx 000 0 und d
020 ## - INTERNATIONAL STANDARD BOOK NUMBER
International Standard Book Number 132017733
050 ## - LIBRARY OF CONGRESS CALL NUMBER
Classification number TK911.3.M3K68 2010
245 ## - TITLE STATEMENT
Title _Markting for Hospitality and Tourism (5th ed)
260 ## - PUBLICATION, DISTRIBUTION, ETC. (IMPRINT)
Place of publication, distribution, etc. new Jersey Pearson Education 2010
300 ## - PHYSICAL DESCRIPTION
Extent xxiv,932p.;ill
500 ## - GENERAL NOTE
General note Include Index
650 ## - SUBJECT ADDED ENTRY--TOPICAL TERM
Topical term or geographic name as entry element _Hospitality and Tourism
980 ## - EQUIVALENCE OR CROSS-REFERENCE-SERIES STATEMENT--PERSONAL NAME/TITLE [LOCAL, CANADA]
Personal name ^d20110808 10:46:21^oanne

No items available.

© 2016 Maasai Mara University.